LEADER 00846nam2 22002171i 450 001 990002273570403321 035 $a000227357 035 $aFED01000227357 035 $a(Aleph)000227357FED01 035 $a000227357 100 $a20030801d--------km-y0itay50------ba 200 1 $aEvolution de l'ingestion spontanée de principes énergét. en fonction de la vitesse decroissance et de la protéinogénèse chez lerat blanc. Paris, 1966, v. 6, p. 237-262. 463 0$1001000221531 701 1$aHenry,$bYves$078954 801 0$aIT$bUNINA$gRICA$2UNIMARC 901 $aBK 912 $a990002273570403321 959 $aFFABC 996 $aEvolution de l'ingestion spontanée de principes énergét. en fonction de la vitesse decroissance et de la protéinogénèse chez lerat blanc. Paris, 1966, v. 6, p. 237-262$9385073 997 $aUNINA DB $aING01 LEADER 01935oam 2200517M 450 001 9910716221603321 005 20200213070527.3 035 $a(CKB)5470000002519912 035 $a(OCoLC)1065827274 035 $a(OCoLC)995470000002519912 035 $a(EXLCZ)995470000002519912 100 $a20071213d1926 ua 0 101 0 $aeng 135 $aurcn||||||||| 181 $ctxt$2rdacontent 182 $cc$2rdamedia 183 $acr$2rdacarrier 200 10$aAcquisition of land for the parkway between Rock Creek Park, the Zoological Park, and Potomac Park. March 11, 1926. -- Ordered to be printed 210 1$a[Washington, D.C.] :$c[U.S. Government Printing Office],$d1926. 215 $a1 online resource (6 pages) $ctables 225 1 $aSenate report / 69th Congress, 1st session. Senate ;$vno. 353 225 1 $a[United States congressional serial set ] ;$v[serial no. 8524] 300 $aBatch processed record: Metadata reviewed, not verified. Some fields updated by batch processes. 300 $aFDLP item number not assigned. 606 $aFederal aid to transportation 606 $aGovernment purchasing of real property 606 $aLegislative amendments 606 $aParkways 606 $aRoads 606 $aUrban transportation 608 $aLegislative materials.$2lcgft 615 0$aFederal aid to transportation. 615 0$aGovernment purchasing of real property. 615 0$aLegislative amendments. 615 0$aParkways. 615 0$aRoads. 615 0$aUrban transportation. 701 $aCapper$b Arthur$f1865-1951$pRepublican (KS)$01386839 801 0$bWYU 801 1$bWYU 801 2$bOCLCO 801 2$bOCLCQ 906 $aBOOK 912 $a9910716221603321 996 $aAcquisition of land for the parkway between Rock Creek Park, the Zoological Park, and Potomac Park. March 11, 1926. -- Ordered to be printed$93502540 997 $aUNINA